[Event "19. Obert Int. Sant Marti 2017"]
[Site "Barcelona ESP"]
[Date "2017.07.16"]
[Round "4.9"]
[White "Yao, Lan"]
[Black "Himanshu, Sharma"]
[Result "1-0"]
[WhiteElo "2273"]
[BlackElo "2498"]
[PlyCount "81"]
[EventDate "2017.07.13"]
[EventType "swiss"]
[EventRounds "9"]
[EventCountry "ESP"]
[SourceTitle "Ajedrez en Madrid"]
[Source "lmi"]
[SourceDate "2017.07.13"]
[SourceVersion "1"]
[SourceVersionDate "2019.06.21"]
[SourceQuality "1"]

1. e4 g6 2. d4 Bg7 3. Nc3 c6 4. a4 d5 5. e5 Nh6 6. Nf3 f6 7. Be2 Bg4 8. exf6
exf6 9. h3 Be6 10. a5 O-O 11. O-O Qc7 12. Na4 Nd7 13. Nc5 Bf7 14. Bd3 a6 15.
Be3 Nxc5 16. dxc5 Qd7 17. Nd4 Kh8 18. Re1 Rfe8 19. c3 Ng8 20. Qc2 Re7 21. Bf4
Rae8 22. Qd2 Bf8 23. Rxe7 Bxe7 24. b4 Kg7 25. Re1 Bd8 26. Rxe8 Qxe8 27. Qe2 Kf8
28. Bd6+ Be7 29. Bxa6 Bxd6 30. Qxe8+ Bxe8 31. Bxb7 Bb8 32. Bxc6 Ne7 33. Bb7 Nf5
34. Nxf5 gxf5 35. Bxd5 Ke7 36. c4 Ba7 37. Kf1 Kd8 38. Ke2 Bg6 39. f4 Kc8 40.
Ke3 Bb8 41. b5 1-0

[Event "19. Obert Int. Sant Marti 2017"]
[Site "Barcelona ESP"]
[Date "2017.07.16"]
[Round "4.10"]
[White "Perpinya Rofes, Lluis Maria"]
[Black "Rios, Cristhian Camilo"]
[Result "1/2-1/2"]
[WhiteElo "2352"]
[BlackElo "2477"]
[PlyCount "86"]
[EventDate "2017.07.13"]
[EventType "swiss"]
[EventRounds "9"]
[EventCountry "ESP"]
[SourceTitle "Ajedrez en Madrid"]
[Source "lmi"]
[SourceDate "2017.07.13"]
[SourceVersion "1"]
[SourceVersionDate "2019.06.21"]
[SourceQuality "1"]

1. e4 c5 2. Nf3 e6 3. d4 cxd4 4. Nxd4 a6 5. Nc3 Qc7 6. Be2 b5 7. O-O Bb7 8. Re1
Nc6 9. Nxc6 dxc6 10. e5 Rd8 11. Bd3 Ne7 12. Qh5 c5 13. a4 c4 14. Be4 b4 15.
Bxb7 Qxb7 16. Ne4 Nf5 17. Bg5 Be7 18. Qf3 Qa7 19. Bxe7 Qxe7 20. Rad1 O-O 21.
Qf4 Qb7 22. Nd6 Nxd6 23. exd6 Qc6 24. Re4 e5 25. Rxe5 Rxd6 26. Rde1 Rd5 27. h3
Rxe5 28. Rxe5 Qxa4 29. Qxc4 Qa1+ 30. Kh2 Qxb2 31. Ra5 Qf6 32. f4 Ra8 33. Qxb4
h6 34. Qe4 Rc8 35. Re5 Qc6 36. Qf5 g6 37. Qd3 Qa4 38. f5 Qf4+ 39. Qg3 Qxg3+ 40.
Kxg3 Rc3+ 41. Kh2 gxf5 42. Rxf5 Rxc2 43. Rf6 Kg7 1/2-1/2

[Event "19. Obert Int. Sant Marti 2017"]
[Site "Barcelona ESP"]
[Date "2017.07.16"]
[Round "4.11"]
[White "Fenil, Shah"]
[Black "Oblitas, Carlomagno"]
[Result "1/2-1/2"]
[WhiteElo "2267"]
[BlackElo "2395"]
[PlyCount "88"]
[EventDate "2017.07.13"]
[EventType "swiss"]
[EventRounds "9"]
[EventCountry "ESP"]
[SourceTitle "Ajedrez en Madrid"]
[Source "lmi"]
[SourceDate "2017.07.13"]
[SourceVersion "1"]
[SourceVersionDate "2019.06.21"]
[SourceQuality "1"]

1. d4 Nf6 2. Nf3 c5 3. e3 g6 4. c4 Bg7 5. Nc3 O-O 6. d5 d6 7. h3 e6 8. Bd3 exd5
9. cxd5 b6 10. O-O Ba6 11. Re1 Bxd3 12. Qxd3 a6 13. a4 Nbd7 14. e4 Qc7 15. Qc4
Rfe8 16. Bf4 Nh5 17. Bh2 Ne5 18. Nxe5 Bxe5 19. Bxe5 Rxe5 20. Qf1 c4 21. f4 Ree8
22. Kh2 f6 23. Qf3 Qc5 24. g4 Ng7 25. Qe3 Re7 26. Re2 Rf8 27. Rae1 Rb7 28. Kg2
Qxe3 29. Rxe3 b5 30. axb5 axb5 31. e5 fxe5 32. fxe5 b4 33. Ne4 dxe5 34. Nd6 Rc7
35. Rc1 Rc5 36. Rxe5 c3 37. bxc3 Rxc3 38. Rxc3 bxc3 39. Re3 Rd8 40. Ne4 c2 41.
Rc3 Ne8 42. Rxc2 Rxd5 43. Rc8 Re5 44. Nf6+ Kf7 1/2-1/2

[Event "19. Obert Int. Sant Marti 2017"]
[Site "Barcelona ESP"]
[Date "2017.07.16"]
[Round "4.12"]
[White "Vassallo Barroche, Mauricio"]
[Black "Mendonca, Leon Luke"]
[Result "1-0"]
[WhiteElo "2376"]
[BlackElo "2222"]
[PlyCount "127"]
[EventDate "2017.07.13"]
[EventType "swiss"]
[EventRounds "9"]
[EventCountry "ESP"]
[SourceTitle "Ajedrez en Madrid"]
[Source "lmi"]
[SourceDate "2017.07.13"]
[SourceVersion "1"]
[SourceVersionDate "2019.06.21"]
[SourceQuality "1"]

1. Nf3 Nf6 2. g3 g6 3. b3 Bg7 4. Bb2 O-O 5. Bg2 d5 6. c4 c6 7. O-O Bg4 8. d3
Nbd7 9. Nbd2 Re8 10. Ne5 Bf5 11. Qc2 Nxe5 12. Bxe5 Qd7 13. Nf3 Bg4 14. Rac1
Bxf3 15. Bxf3 Rec8 16. Qb2 Ne8 17. Bxg7 Nxg7 18. cxd5 cxd5 19. Rxc8+ Rxc8 20.
Qd4 e6 21. Qxa7 Nf5 22. a4 Rc2 23. b4 Ra2 24. a5 Ne7 25. Qb8+ Kg7 26. Qe5+ Kg8
27. Rc1 Nc6 28. Qc3 Qe7 29. a6 Rxa6 30. b5 Ra3 31. Qb2 Qb4 32. Qxb4 Nxb4 33.
Rc7 b6 34. Rb7 Nc2 35. Rxb6 Nd4 36. Kg2 Kg7 37. Rb7 Rb3 38. b6 Rb2 39. e4 Nxf3
40. Kxf3 dxe4+ 41. dxe4 e5 42. h4 h5 43. Ke3 Kf6 44. Rb8 Kg7 45. b7 f6 46. f4
Rb3+ 47. Kd2 Kh7 48. fxe5 fxe5 49. Kc2 Rb6 50. Kc3 Kg7 51. Kc4 Rb2 52. Kc5 Rb1
53. Kc6 Rc1+ 54. Kd5 Rb1 55. Kxe5 Rb2 56. Kd4 Rb1 57. e5 Rd1+ 58. Kc3 Rb1 59.
e6 Kf6 60. Rf8+ Kxe6 61. b8=Q Rxb8 62. Rxb8 Kf5 63. Rb5+ Kg4 64. Rg5+ 1-0

[Event "19. Obert Int. Sant Marti 2017"]
[Site "Barcelona ESP"]
[Date "2017.07.16"]
[Round "4.13"]
[White "Xu, Zhihang"]
[Black "Quirhuayo Chumbe, German Gonzalo"]
[Result "0-1"]
[WhiteElo "2140"]
[BlackElo "2376"]
[PlyCount "122"]
[EventDate "2017.07.13"]
[EventType "swiss"]
[EventRounds "9"]
[EventCountry "ESP"]
[SourceTitle "Ajedrez en Madrid"]
[Source "lmi"]
[SourceDate "2017.07.13"]
[SourceVersion "1"]
[SourceVersionDate "2019.06.21"]
[SourceQuality "1"]

1. d4 Nf6 2. c4 g6 3. g3 Bg7 4. Bg2 O-O 5. Nc3 d6 6. Nf3 Nc6 7. O-O a6 8. b3
Rb8 9. Bd2 e5 10. d5 Ne7 11. e4 Ne8 12. Ne1 f5 13. Nd3 f4 14. gxf4 exf4 15. Re1
g5 16. e5 Bf5 17. Be4 dxe5 18. Bxf5 Nxf5 19. Nxe5 Ned6 20. Na4 f3 21. Nxf3 Nd4
22. Nxg5 Qf6 23. Be3 N6f5 24. Qh5 h6 25. Ne4 Qh4 26. Qxh4 Nf3+ 27. Kh1 N5xh4
28. Nac5 Nxe1 29. Rxe1 Nf3 30. Rd1 Rf5 31. Ne6 Be5 32. Ng3 Rf7 33. Kg2 Kh7 34.
c5 Re8 35. Nh5 Rg8+ 36. Ng3 Re8 37. Nh5 c6 38. Nhf4 cxd5 39. Rxd5 Nh4+ 40. Kh3
Bxf4 41. Nxf4 Nf5 42. Bd2 Ree7 43. Kg4 Rd7 44. Bc3 Rxd5 45. Nxd5 Ne7 46. Nxe7
Rxe7 47. Kf5 Re2 48. a4 Rxf2+ 49. Ke5 Rxh2 50. b4 Rc2 51. Bd4 h5 52. Kd5 h4 53.
b5 axb5 54. axb5 Rd2 55. Kc4 h3 56. Be5 h2 57. Bxh2 Rxh2 58. c6 bxc6 59. bxc6
Kg6 60. Kc5 Kf7 61. Kb6 Ke7 0-1

[Event "19. Obert Int. Sant Marti 2017"]
[Site "Barcelona ESP"]
[Date "2017.07.16"]
[Round "4.14"]
[White "Narciso Dublan, Marc"]
[Black "Rodriguez Alvarez, Vidal"]
[Result "1-0"]
[WhiteElo "2516"]
[BlackElo "2214"]
[PlyCount "77"]
[EventDate "2017.07.13"]
[EventType "swiss"]
[EventRounds "9"]
[EventCountry "ESP"]
[SourceTitle "Ajedrez en Madrid"]
[Source "lmi"]
[SourceDate "2017.07.13"]
[SourceVersion "1"]
[SourceVersionDate "2019.06.21"]
[SourceQuality "1"]

1. d4 Nf6 2. c4 e6 3. Nc3 Bb4 4. f3 d5 5. a3 Bxc3+ 6. bxc3 c6 7. e3 b6 8. cxd5
cxd5 9. Bb5+ Bd7 10. Bd3 O-O 11. Ne2 Bc8 12. O-O Ba6 13. e4 Qc8 14. Bxa6 Qxa6
15. Ng3 Rc8 16. e5 Nfd7 17. f4 f5 18. exf6 Nxf6 19. f5 Re8 20. Re1 b5 21. Bg5
Nbd7 22. Qd3 exf5 23. Nxf5 Re4 24. Rxe4 Nxe4 25. Ne7+ Kh8 26. Nxd5 Nxg5 27. Nc7
Qb7 28. Nxa8 Nf6 29. Rb1 a6 30. a4 Qxa8 31. axb5 axb5 32. Rxb5 Qe8 33. Re5 Qh5
34. h3 Qh4 35. c4 Nge4 36. Qe3 Nd6 37. c5 Nde4 38. d5 h6 39. d6 1-0

[Event "19. Obert Int. Sant Marti 2017"]
[Site "Barcelona ESP"]
[Date "2017.07.16"]
[Round "4.15"]
[White "Chernyak, Viktoria"]
[Black "Arizmendi Martinez, Julen Luis"]
[Result "0-1"]
[WhiteElo "2251"]
[BlackElo "2511"]
[PlyCount "62"]
[EventDate "2017.07.13"]
[EventType "swiss"]
[EventRounds "9"]
[EventCountry "ESP"]
[SourceTitle "Ajedrez en Madrid"]
[Source "lmi"]
[SourceDate "2017.07.13"]
[SourceVersion "1"]
[SourceVersionDate "2019.06.21"]
[SourceQuality "1"]

1. c4 e5 2. g3 Nf6 3. Bg2 h6 4. Nc3 Bb4 5. Qc2 O-O 6. a3 Bxc3 7. Qxc3 Re8 8. d3
c6 9. Nf3 d5 10. O-O d4 11. Qd2 a5 12. b3 c5 13. e4 dxe3 14. Qxe3 Nc6 15. Bb2
Qb6 16. Nd2 Bf5 17. Bxc6 Qxc6 18. f3 Qb6 19. Rab1 Rad8 20. Ne4 Bxe4 21. dxe4
Qd6 22. Bc3 b6 23. Rbc1 Rd7 24. Kf2 Red8 25. Ke2 a4 26. b4 Qe6 27. Bb2 Nxe4 28.
fxe4 Qg4+ 29. Kf2 Rd2+ 30. Kg1 Qh3 31. Rf2 Rd1+ 0-1

[Event "19. Obert Int. Sant Marti 2017"]
[Site "Barcelona ESP"]
[Date "2017.07.16"]
[Round "4.16"]
[White "Deshmukh, Anup"]
[Black "Arvola, Benjamin"]
[Result "0-1"]
[WhiteElo "2241"]
[BlackElo "2469"]
[PlyCount "58"]
[EventDate "2017.07.13"]
[EventType "swiss"]
[EventRounds "9"]
[EventCountry "ESP"]
[SourceTitle "Ajedrez en Madrid"]
[Source "lmi"]
[SourceDate "2017.07.13"]
[SourceVersion "1"]
[SourceVersionDate "2019.06.21"]
[SourceQuality "1"]

1. c4 e5 2. Nc3 Nf6 3. Nf3 Nc6 4. g3 d5 5. cxd5 Nxd5 6. Bg2 Nb6 7. O-O Be7 8.
d3 O-O 9. a3 Be6 10. Be3 Nd5 11. Nxd5 Bxd5 12. Rc1 Qd7 13. Bc5 Rad8 14. Bxe7
Qxe7 15. Qa4 a6 16. e4 Be6 17. Rxc6 bxc6 18. Nxe5 Qc5 19. Nxc6 Rxd3 20. e5 Rd2
21. b3 Qc3 22. Qxa6 Qxb3 23. Qa7 Rd1 24. h4 Rxf1+ 25. Bxf1 Qb1 26. Qxc7 Bh3 27.
Ne7+ Kh8 28. Qc4 Rd8 29. Qb5 Qa1 0-1

[Event "19. Obert Int. Sant Marti 2017"]
[Site "Barcelona ESP"]
[Date "2017.07.16"]
[Round "4.17"]
[White "Zubritskiy, Artyom"]
[Black "Sama Salinas, Hector"]
[Result "1-0"]
[WhiteElo "2442"]
[BlackElo "2205"]
[PlyCount "71"]
[EventDate "2017.07.13"]
[EventType "swiss"]
[EventRounds "9"]
[EventCountry "ESP"]
[SourceTitle "Ajedrez en Madrid"]
[Source "lmi"]
[SourceDate "2017.07.13"]
[SourceVersion "1"]
[SourceVersionDate "2019.06.21"]
[SourceQuality "1"]

1. d4 g6 2. e4 Bg7 3. Nf3 c6 4. c4 d6 5. Nc3 Bg4 6. Be3 Nd7 7. Be2 Qc7 8. O-O
Ngf6 9. Ne1 Bxe2 10. Qxe2 e5 11. d5 c5 12. Nd3 a6 13. a4 O-O 14. a5 Nh5 15.
Rfc1 Rae8 16. b4 Nf4 17. Qd1 cxb4 18. Na4 Nxd3 19. Qxd3 f5 20. c5 f4 21. Bd2
Qxa5 22. c6 Nf6 23. Nc5 Qb5 24. Qxb5 axb5 25. Nxb7 b3 26. Rab1 Nxe4 27. Bb4 f3
28. Rxb3 Bh6 29. Re1 Nd2 30. Bxd2 Bxd2 31. Rd1 Bg5 32. Nxd6 Ra8 33. gxf3 Bd8
34. Nxb5 Bb6 35. Nd6 Bd4 36. c7 1-0

[Event "19. Obert Int. Sant Marti 2017"]
[Site "Barcelona ESP"]
[Date "2017.07.16"]
[Round "4.18"]
[White "Dalo, Hermes"]
[Black "Salinas Herrera, Pablo"]
[Result "0-1"]
[WhiteElo "2202"]
[BlackElo "2438"]
[PlyCount "86"]
[EventDate "2017.07.13"]
[EventType "swiss"]
[EventRounds "9"]
[EventCountry "ESP"]
[SourceTitle "Ajedrez en Madrid"]
[Source "lmi"]
[SourceDate "2017.07.13"]
[SourceVersion "1"]
[SourceVersionDate "2019.06.21"]
[SourceQuality "1"]

1. d4 d5 2. c4 c6 3. Nf3 Nf6 4. Qb3 dxc4 5. Qxc4 Bg4 6. Nbd2 Nbd7 7. g3 e6 8.
Bg2 Be7 9. O-O O-O 10. b3 Rc8 11. Bb2 b5 12. Qc2 c5 13. Rfc1 Qb6 14. a4 a6 15.
axb5 axb5 16. Qb1 Rc7 17. Bc3 Rcc8 18. e3 Nd5 19. Ba5 Qb8 20. e4 N5f6 21. Bc3
Bh5 22. Ne5 Rfd8 23. Ba5 Nb6 24. dxc5 Bxc5 25. Nd3 Bd4 26. Ra2 Bg6 27. Rac2
Rxc2 28. Rxc2 Qa7 29. Ra2 Qb7 30. e5 Nfd5 31. Ne4 Qb8 32. Bxb6 Qxb6 33. Qe1 b4
34. Ra4 Rb8 35. Qf1 Qc7 36. Nd6 Qc2 37. Nf4 Qxb3 38. Nxd5 exd5 39. Qb5 Qd1+ 40.
Bf1 Rf8 41. Rxb4 Qd2 42. Kg2 Qxf2+ 43. Kh3 Bxe5 0-1

[Event "19. Obert Int. Sant Marti 2017"]
[Site "Barcelona ESP"]
[Date "2017.07.16"]
[Round "4.19"]
[White "Ahmed, Sk. Nasir"]
[Black "Karim, Ismael"]
[Result "1/2-1/2"]
[WhiteElo "2221"]
[BlackElo "2361"]
[PlyCount "136"]
[EventDate "2017.07.13"]
[EventType "swiss"]
[EventRounds "9"]
[EventCountry "ESP"]
[SourceTitle "Ajedrez en Madrid"]
[Source "lmi"]
[SourceDate "2017.07.13"]
[SourceVersion "1"]
[SourceVersionDate "2019.06.21"]
[SourceQuality "1"]

1. c4 e5 2. g3 Nc6 3. Bg2 Bc5 4. e3 d6 5. Ne2 a6 6. Nbc3 Ba7 7. Rb1 h5 8. h4
Bf5 9. d3 Qd7 10. b4 Nge7 11. a3 Rb8 12. Rb2 b5 13. Nd5 O-O 14. cxb5 axb5 15.
Nxe7+ Nxe7 16. d4 exd4 17. Nxd4 Bg4 18. Ne2 Ng6 19. O-O Ne5 20. Qc2 c5 21. Nf4
c4 22. Qe4 c3 23. Rb3 Bf5 24. Qd5 Rfc8 25. Kh2 Bc2 26. Be4 Ng4+ 27. Kg1 Nf6 28.
Bxc2 Nxd5 29. Nxd5 Rc4 30. Rd1 Rbc8 31. Rd3 Kf8 32. Nxc3 g5 33. hxg5 h4 34. Bd1
hxg3 35. fxg3 Qh3 36. Kf2 Qh2+ 37. Kf3 Qh1+ 38. Ke2 Qg2+ 39. Ke1 Kg7 40. Bb2
Rh8 41. Ne2+ Kg8 42. Bxh8 Kxh8 43. Rxd6 Re4 44. Kd2 Kg7 45. g6 Qf2 46. Rd7
Bxe3+ 47. Kd3 Qg2 48. Rxf7+ Kxg6 49. Rf3 Qxf3 50. Nf4+ Qxf4 51. gxf4 Re7 52.
Bf3 Bxf4 53. Kd4 Kf6 54. Kc5 Re5+ 55. Bd5 Ke7 56. Rd3 Re3 57. Rxe3+ Bxe3+ 58.
Kxb5 Kd6 59. Bg2 Kc7 60. a4 Bd2 61. Kc5 Be3+ 62. Kc4 Bd2 63. a5 Be1 64. Kb5 Bd2
65. Ka4 Be1 66. b5 Bf2 67. b6+ Bxb6 68. axb6+ Kxb6 1/2-1/2

[Event "19. Obert Int. Sant Marti 2017"]
[Site "Barcelona ESP"]
[Date "2017.07.16"]
[Round "4.20"]
[White "Morales, Jhon Alexander"]
[Black "Salagran Ferragut, Guillem"]
[Result "1-0"]
[WhiteElo "2355"]
[BlackElo "2201"]
[PlyCount "113"]
[EventDate "2017.07.13"]
[EventType "swiss"]
[EventRounds "9"]
[EventCountry "ESP"]
[SourceTitle "Ajedrez en Madrid"]
[Source "lmi"]
[SourceDate "2017.07.13"]
[SourceVersion "1"]
[SourceVersionDate "2019.06.21"]
[SourceQuality "1"]

1. d4 Nf6 2. Nf3 e6 3. e3 c5 4. c4 cxd4 5. exd4 b6 6. Nc3 Bb7 7. Bd3 Be7 8. O-O
O-O 9. d5 Re8 10. Ng5 exd5 11. cxd5 d6 12. Qf3 g6 13. Qh3 Qc8 14. Bb5 Qxh3 15.
Nxh3 Rc8 16. Rd1 a6 17. Be2 b5 18. Bg5 Nbd7 19. Bg4 Rc7 20. Rac1 Rac8 21. a3 h5
22. Bxd7 Rxd7 23. Re1 Kg7 24. Rcd1 Ng8 25. f3 Bf6 26. Bxf6+ Nxf6 27. Rd4 Rc5
28. Red1 Rdc7 29. Ng5 Rc4 30. R4d3 b4 31. Nce4 Ne8 32. b3 Rc1 33. axb4 Rxd1+
34. Rxd1 Rc2 35. h4 Rb2 36. Rd3 Nf6 37. Nxd6 Bxd5 38. Ne8+ Nxe8 39. Rxd5 Rxb3
40. Rd7 Rxb4 41. Rxf7+ Kg8 42. Re7 Kf8 43. Ra7 Rxh4 44. Rxa6 Kg7 45. Ra7+ Kg8
46. Ra8 Kf8 47. Ne4 Ke7 48. g3 Rxe4 49. fxe4 Nf6 50. Ra4 Ke6 51. Kg2 Ke5 52.
Kf3 Ng4 53. Ra5+ Kd4 54. Kf4 g5+ 55. Rxg5 Nf2 56. Rd5+ Kc4 57. Kf3 1-0

[Event "19. Obert Int. Sant Marti 2017"]
[Site "Barcelona ESP"]
[Date "2017.07.16"]
[Round "4.21"]
[White "Moksh, Amit Doshi"]
[Black "Rios Parra, Alejandro"]
[Result "1-0"]
[WhiteElo "2154"]
[BlackElo "2342"]
[PlyCount "83"]
[EventDate "2017.07.13"]
[EventType "swiss"]
[EventRounds "9"]
[EventCountry "ESP"]
[SourceTitle "Ajedrez en Madrid"]
[Source "lmi"]
[SourceDate "2017.07.13"]
[SourceVersion "1"]
[SourceVersionDate "2019.06.21"]
[SourceQuality "1"]

1. d4 Nf6 2. c4 e6 3. Nf3 c5 4. d5 exd5 5. cxd5 d6 6. Nc3 g6 7. Bf4 a6 8. a4
Bg7 9. h3 O-O 10. e3 Qc7 11. Nd2 Nbd7 12. Nc4 Ne8 13. Ne4 Be5 14. Nxe5 Nxe5 15.
Be2 f6 16. O-O Rb8 17. Nc3 Nf7 18. Qc2 Bd7 19. a5 Qd8 20. Rfb1 Rc8 21. b4 cxb4
22. Rxb4 Rc7 23. Qb2 Qc8 24. Ra3 Ne5 25. Rab3 Bb5 26. Bxb5 axb5 27. Rxb5 Nd3
28. Qd2 Nxf4 29. exf4 Ng7 30. Qb2 Nf5 31. Rxb7 Nd4 32. Rxc7 Qxc7 33. Nb5 Nxb5
34. Rxb5 Ra8 35. Qxf6 Rxa5 36. Rxa5 Qxa5 37. Qxd6 Qe1+ 38. Kh2 Qxf2 39. Qe6+
Kg7 40. Qe5+ Kh6 41. d6 Qd2 42. Qf6 1-0

[Event "19. Obert Int. Sant Marti 2017"]
[Site "Barcelona ESP"]
[Date "2017.07.16"]
[Round "4.22"]
[White "Escalante Ramirez, Brian Sebas"]
[Black "Gardela Batlle, Jordi"]
[Result "1-0"]
[WhiteElo "2340"]
[BlackElo "2151"]
[PlyCount "77"]
[EventDate "2017.07.13"]
[EventType "swiss"]
[EventRounds "9"]
[EventCountry "ESP"]
[SourceTitle "Ajedrez en Madrid"]
[Source "lmi"]
[SourceDate "2017.07.13"]
[SourceVersion "1"]
[SourceVersionDate "2019.06.21"]
[SourceQuality "1"]

1. e4 c5 2. Nf3 e6 3. d4 cxd4 4. Nxd4 Nf6 5. Nc3 d6 6. Be2 Be7 7. O-O O-O 8.
Be3 a6 9. a4 Nc6 10. f4 Qc7 11. Kh1 Bd7 12. Nb3 Bc8 13. a5 Nd7 14. Na4 Rb8 15.
Qe1 Nf6 16. Bb6 Qd7 17. Bf3 Bd8 18. Bg1 e5 19. f5 Bc7 20. Nb6 Qd8 21. Nc4 Qe7
22. Qh4 Nd7 23. Qxe7 Nxe7 24. g4 b5 25. axb6 Nxb6 26. Bxb6 Bxb6 27. Nxd6 Ra8
28. Be2 Bc7 29. Nxc8 Rfxc8 30. Bxa6 Rd8 31. Bc4 Rac8 32. Rfd1 Bd6 33. Na5 Bc7
34. Nb7 Rd4 35. Ba6 Rb4 36. Nc5 Rd8 37. Rxd8+ Bxd8 38. b3 h5 39. Bc4 1-0

[Event "19. Obert Int. Sant Marti 2017"]
[Site "Barcelona ESP"]
[Date "2017.07.16"]
[Round "4.23"]
[White "Akash Pc, Iyer"]
[Black "Blasco Coll, Andreu"]
[Result "1/2-1/2"]
[WhiteElo "2300"]
[BlackElo "2144"]
[PlyCount "144"]
[EventDate "2017.07.13"]
[EventType "swiss"]
[EventRounds "9"]
[EventCountry "ESP"]
[SourceTitle "Ajedrez en Madrid"]
[Source "lmi"]
[SourceDate "2017.07.13"]
[SourceVersion "1"]
[SourceVersionDate "2019.06.21"]
[SourceQuality "1"]

1. Nf3 d5 2. g3 Bg4 3. Bg2 Nd7 4. d3 Ngf6 5. Nbd2 c6 6. e4 dxe4 7. dxe4 e5 8.
Qe2 Bc5 9. Nc4 O-O 10. O-O Re8 11. Ne3 Bh5 12. Nf5 Bf8 13. h3 Nc5 14. g4 Bg6
15. Rd1 Qc7 16. N3h4 Ne6 17. Be3 Rad8 18. Bd2 Rd7 19. Bf3 Red8 20. c3 a5 21.
Ng2 Bxf5 22. gxf5 Nc5 23. Bg5 Rxd1+ 24. Rxd1 Rxd1+ 25. Qxd1 Ncxe4 26. Bxf6 Nxf6
27. Ne3 h6 28. Ng4 Nxg4 29. hxg4 Qe7 30. Qe2 Qf6 31. Be4 Qg5 32. Kf1 Qf4 33.
Kg2 Bc5 34. Bf3 Bd6 35. Qd3 Bc7 36. Qd7 e4 37. Qe8+ Kh7 38. Qxe4 Qh2+ 39. Kf1
Bb6 40. Bg2 Qh4 41. Qe2 Qg5 42. Bf3 Qf4 43. Kg2 a4 44. Qe4 Qd2 45. Qe2 Qg5 46.
Qe4 Qh4 47. Qe2 a3 48. bxa3 Qg5 49. Qe4 Qh4 50. Qe2 Bc5 51. a4 Qg5 52. Qc4 Qe7
53. f6 gxf6 54. a5 Ba7 55. a6 bxa6 56. Qxc6 Kg7 57. Qxa6 Qc5 58. Qe2 Qxc3 59.
Be4 Qa3 60. Bd3 Kf8 61. Bc4 Qa4 62. Qe4 Kg7 63. Qd5 Qe8 64. a4 Qe7 65. a5 Qc7
66. a6 Bb8 67. Kf3 Qf4+ 68. Ke2 Qxg4+ 69. Kf1 Qh3+ 70. Ke1 Qe6+ 71. Qxe6 fxe6
72. Bxe6 Kg6 1/2-1/2

[Event "19. Obert Int. Sant Marti 2017"]
[Site "Barcelona ESP"]
[Date "2017.07.16"]
[Round "4.24"]
[White "Abhilash, Reddy M.L."]
[Black "Miranda Llanes, Yerisbel"]
[Result "1/2-1/2"]
[WhiteElo "2133"]
[BlackElo "2285"]
[PlyCount "61"]
[EventDate "2017.07.13"]
[EventType "swiss"]
[EventRounds "9"]
[EventCountry "ESP"]
[SourceTitle "Ajedrez en Madrid"]
[Source "lmi"]
[SourceDate "2017.07.13"]
[SourceVersion "1"]
[SourceVersionDate "2019.06.21"]
[SourceQuality "1"]

1. d4 d5 2. Nf3 Nf6 3. c4 c6 4. e3 e6 5. b3 Ne4 6. Bd3 Bd6 7. Bb2 f5 8. O-O O-O
9. Ne5 Nd7 10. f3 Nef6 11. Nd2 Qc7 12. f4 Ne4 13. Ndf3 Qd8 14. Qe1 Qe7 15. a3
Rf6 16. b4 a6 17. c5 Bc7 18. a4 Rh6 19. b5 Nxe5 20. Nxe5 Bd7 21. bxa6 bxa6 22.
Rb1 Be8 23. Bxe4 fxe4 24. Bc3 Rf6 25. Rb7 Qd8 26. Qg3 Rb8 27. Rfb1 Qc8 28. Rxb8
Bxb8 29. Ba5 Bxe5 30. dxe5 Rf7 31. Rb4 1/2-1/2

[Event "19. Obert Int. Sant Marti 2017"]
[Site "Barcelona ESP"]
[Date "2017.07.16"]
[Round "4.25"]
[White "Ryan, Joseph"]
[Black "Meza Ponce, Jerry"]
[Result "1/2-1/2"]
[WhiteElo "2284"]
[BlackElo "2116"]
[PlyCount "98"]
[EventDate "2017.07.13"]
[EventType "swiss"]
[EventRounds "9"]
[EventCountry "ESP"]
[SourceTitle "Ajedrez en Madrid"]
[Source "lmi"]
[SourceDate "2017.07.13"]
[SourceVersion "1"]
[SourceVersionDate "2019.06.21"]
[SourceQuality "1"]

1. e4 c5 2. Nf3 g6 3. Bc4 Bg7 4. O-O d6 5. c3 Nf6 6. Re1 O-O 7. Bb3 Nc6 8. h3
b5 9. d4 c4 10. Bc2 e5 11. a4 b4 12. d5 b3 13. Bxb3 cxb3 14. dxc6 Qc7 15. Qxb3
Qxc6 16. Qb5 Qc7 17. Nbd2 Bb7 18. Qe2 a5 19. c4 Rab8 20. b3 Nd7 21. Ba3 Nc5 22.
Qe3 Ne6 23. Rad1 f5 24. Nf1 Rfd8 25. N3d2 Nd4 26. Qd3 Bxe4 27. Rxe4 fxe4 28.
Qxe4 Qc6 29. Ne3 Qxe4 30. Nxe4 Rxb3 31. Bxd6 Nf5 32. c5 Nxe3 33. fxe3 Rxe3 34.
Ng5 Bf8 35. Ne6 Bxd6 36. cxd6 Rd7 37. Nc5 Rd8 38. d7 Kf7 39. Nb7 Ke7 40. Nxd8
Kxd8 41. Rd5 Ra3 42. Rxa5 Kxd7 43. Ra7+ Ke6 44. Rxh7 Rxa4 45. Kf2 Kf5 46. Rb7
Ra2+ 47. Kf3 e4+ 48. Kg3 Ra3+ 49. Kf2 Ra2+ 1/2-1/2

[Event "19. Obert Int. Sant Marti 2017"]
[Site "Barcelona ESP"]
[Date "2017.07.16"]
[Round "4.26"]
[White "Sapale, Saloni"]
[Black "Buchenau, Frank"]
[Result "0-1"]
[WhiteElo "2049"]
[BlackElo "2279"]
[PlyCount "114"]
[EventDate "2017.07.13"]
[EventType "swiss"]
[EventRounds "9"]
[EventCountry "ESP"]
[SourceTitle "Ajedrez en Madrid"]
[Source "lmi"]
[SourceDate "2017.07.13"]
[SourceVersion "1"]
[SourceVersionDate "2019.06.21"]
[SourceQuality "1"]

1. e4 e6 2. d4 d5 3. e5 c5 4. c3 Qb6 5. Nf3 Bd7 6. Bd3 cxd4 7. Nxd4 Nc6 8. Nxc6
bxc6 9. O-O Ne7 10. Nd2 Ng6 11. Nf3 Be7 12. Re1 O-O 13. h4 f5 14. h5 Nh8 15.
Qc2 Rfb8 16. g4 fxg4 17. Bxh7+ Kf8 18. Nh2 g3 19. Ng4 gxf2+ 20. Nxf2 Ke8 21.
Kg2 Kd8 22. Nd3 c5 23. Nf4 a5 24. Rb1 Kc7 25. Be3 a4 26. Qf2 Rf8 27. Qg3 Rf7
28. Bc2 Qb7 29. Kg1 Ra6 30. Nd3 Qb5 31. Nf4 Qb7 32. Nd3 Ra5 33. b4 axb3 34.
Bxb3 Qa6 35. Nc1 Qa8 36. Bd1 Ra3 37. Rb3 Ra4 38. Rb2 Bh4 39. Qg2 Bxe1 40. Bxa4
Qxa4 41. Bxc5 Qd1 42. Bd6+ Kc6 43. Qe2 Qxe2 44. Nxe2 Bf2+ 45. Kg2 Bb6 46. a4
Rf2+ 47. Kg3 Nf7 48. a5 Ba7 49. Bb8 Rxe2 50. Rxe2 Bxb8 51. a6 Bxe5+ 52. Kh4 Kb6
53. h6 Bf6+ 54. Kh5 Nxh6 55. Kg6 Kxa6 56. Re3 e5 57. Kh5 Be8# 0-1

[Event "19. Obert Int. Sant Marti 2017"]
[Site "Barcelona ESP"]
[Date "2017.07.16"]
[Round "4.27"]
[White "Martinez, Ayelen"]
[Black "Rojas Fernandez, Andres"]
[Result "1-0"]
[WhiteElo "2279"]
[BlackElo "1997"]
[PlyCount "59"]
[EventDate "2017.07.13"]
[EventType "swiss"]
[EventRounds "9"]
[EventCountry "ESP"]
[SourceTitle "Ajedrez en Madrid"]
[Source "lmi"]
[SourceDate "2017.07.13"]
[SourceVersion "1"]
[SourceVersionDate "2019.06.21"]
[SourceQuality "1"]

1. e4 e6 2. d4 d5 3. Nc3 Nf6 4. e5 Nfd7 5. f4 c5 6. Nf3 Nc6 7. Be3 a6 8. Qd2 b5
9. dxc5 Bxc5 10. Bd3 Bb7 11. Bf2 Qb6 12. O-O Bxf2+ 13. Rxf2 Nc5 14. f5 b4 15.
Ne2 exf5 16. Bxf5 Ne4 17. Bxe4 dxe4 18. e6 fxe6 19. Qd6 Qd8 20. Qxe6+ Qe7 21.
Ng5 Qxe6 22. Nxe6 Ke7 23. Nxg7 Rag8 24. Nf5+ Ke6 25. Nh6 Rg7 26. Rd1 Rd8 27.
Nf4+ Ke5 28. Re1 Ne7 29. Nh5 Rg6 30. Nf7+ 1-0